00552cam a22001454a 4500020002300000040000800023082002900031100002600060245006300086260003600149300002700185856005900212856006700271856006800338 a0471323632 (cloth) cDLC00a332 WIL 2004 A013 Or.aB1 aStrachman, Daniel A.,10aJulian Robertson :btiger in the land of bulls and bears / aHoboken, N.J. :bWiley,cc2004. axvii, 270 p. ;c24 cm.41uhttp://www.loc.gov/catdir/toc/wiley041/2004013116.html42uhttp://www.loc.gov/catdir/description/wiley041/2004013116.html42uhttp://www.loc.gov/catdir/enhancements/fy0616/2004013116-b.html